|
|
|
|
| LEADER |
02599nam a2200577 4500 |
| 001 |
ocn904248960 |
| 003 |
OCoLC |
| 005 |
20170124072227.8 |
| 006 |
m o d |
| 007 |
cr cnu|||unuuu |
| 008 |
150302s2015 nju o 101 0 eng d |
| 040 |
|
|
|a N$T
|b eng
|e rda
|e pn
|c N$T
|d DG1
|d N$T
|d E7B
|d IDEBK
|d OCLCF
|d COO
|d DEBBG
|d GrThAP
|
| 019 |
|
|
|a 961695904
|a 962723308
|
| 020 |
|
|
|a 9781119093435
|q electronic bk.
|
| 020 |
|
|
|a 1119093430
|q electronic bk.
|
| 020 |
|
|
|a 9781119093442
|q electronic bk.
|
| 020 |
|
|
|a 1119093449
|q electronic bk.
|
| 020 |
|
|
|z 9781119082446
|
| 020 |
|
|
|a 1119082447
|
| 020 |
|
|
|a 9781119082446
|
| 029 |
1 |
|
|a CHVBK
|b 334093759
|
| 029 |
1 |
|
|a CHBIS
|b 010442414
|
| 029 |
1 |
|
|a NZ1
|b 16078510
|
| 029 |
1 |
|
|a DEBBG
|b BV043397571
|
| 035 |
|
|
|a (OCoLC)904248960
|z (OCoLC)961695904
|z (OCoLC)962723308
|
| 050 |
|
4 |
|a TN773
|
| 072 |
|
7 |
|a TEC
|x 023000
|2 bisacsh
|
| 082 |
0 |
4 |
|a 669.72
|2 23
|
| 049 |
|
|
|a MAIN
|
| 110 |
2 |
|
|a Minerals, Metals and Materials Society.
|b Annual Meeting
|n (144th :
|d 2015 :
|c Orlando, Florida)
|
| 245 |
1 |
0 |
|a Light metals 2015 :
|b proceedings of the symposia sponsored by the TMS Aluminium Committee at the TMS 2015 Annual Meeting & Exhibition, March 15-19, 2015, Walt Disney World, Orlando, Florida, USA /
|c edited by Margaret Hyland.
|
| 264 |
|
1 |
|a Hoboken, New Jersey :
|b Wiley,
|c 2015.
|
| 300 |
|
|
|a 1 online resource
|
| 336 |
|
|
|a text
|b txt
|2 rdacontent
|
| 337 |
|
|
|a computer
|b c
|2 rdamedia
|
| 338 |
|
|
|a online resource
|b cr
|2 rdacarrier
|
| 500 |
|
|
|a International conference proceedings.
|
| 500 |
|
|
|a Includes indexes.
|
| 588 |
0 |
|
|a Online resource; title from PDF title page (John Wiley, viewed March 2, 2015).
|
| 504 |
|
|
|a Includes bibliographical references and indexes.
|
| 650 |
|
0 |
|a Light metals
|x Metallurgy
|v Congresses.
|
| 650 |
|
7 |
|a TECHNOLOGY & ENGINEERING / Metallurgy
|2 bisacsh
|
| 650 |
|
7 |
|a Light metals
|x Metallurgy.
|2 fast
|0 (OCoLC)fst00998559
|
| 655 |
|
4 |
|a Electronic books.
|
| 655 |
|
7 |
|a Conference papers and proceedings.
|2 fast
|0 (OCoLC)fst01423772
|
| 655 |
|
0 |
|a Electronic books.
|
| 700 |
1 |
|
|a Hyland, Margaret,
|e editor.
|
| 710 |
2 |
|
|a Minerals, Metals and Materials Society.
|b Aluminum Committee,
|e sponsoring body.
|
| 776 |
0 |
8 |
|i Print version:
|t Light metals 2015 : proceedings of the symposia sponsored by the TMS Aluminium Committee at the TMS 2015 Annual Meeting & Exhibition, March 15-19, 2015, Walt Disney World, Orlando, Florida, USA.
|d Hoboken, New Jersey : John Wiley & Sons, Inc., c2015
|h xxv, 1272 pages
|z 9781119082446
|
| 856 |
4 |
0 |
|u https://doi.org/10.1002/9781119093435
|z Full Text via HEAL-Link
|
| 994 |
|
|
|a 92
|b DG1
|